000 00869nam a22002777ia4500
999 _c174312
_d174312
003 OSt
005 20190930155956.0
008 190917s2019 my a b |||| 00| 0 may d
020 _a9789673821051
_cRM162.00
_qset
020 _a9789673821112
_cRM20.25
_qpaperback
040 _aPPAK
_beng
_cPPAK
_erda
082 0 4 _223
_a499.2386
090 0 0 _a499.2386
_bSIT
_dK
100 0 _aSiti Mashitah,
_eauthor.
245 1 0 _aKOMET DAN METEOR /
_cSiti Mashitah
264 1 _aSeri Petaling, Kuala Lumpur :
_bBRAINMAX ENTERPRISE,
_c2019
300 _a24 pages :
_bcolour illustrations ;
_c26 cm
336 _2rdacontent
_atext
337 _2rdamedia
_aunmediated
338 _2rdacarrier
_avolume
490 1 _aSiri Penjelajahan Astronomi
650 1 0 _aMalay language
_xReaders
_xAstronomy
650 2 0 _aMalay fiction
830 0 _aSiri Penjelajahan Astronomi
942 _2ddc
_cB